[Event "PRO League KO Stage 2017"]
[Site "masterchessopen.com chess.com INT"]
[Date "2017.03.15"]
[Round "3"]
[White "Kaasen,Tor Fredrik"]
[Black "Andreikin,D"]
[Result "0-1"]
[WhiteElo "2442"]
[BlackElo "2734"]

1.e4 c5 2.Nf3 e6 3.d4 cxd4 4.Nxd4 a6 5.Bd3 Qc7 6.O-O Nf6 7.Qe2 d6 8.Nc3 Nc6
9.Nxc6 bxc6 10.f4 e5 11.Kh1 Be7 12.Bc4 O-O 13.f5 h6 14.g4 d5 15.Bb3 d4 16.Nd1
c5 17.Nf2 Bb7 18.Bc4 Nh7 19.Rg1 Bh4 20.Nh3 Nf6 21.g5 Nxe4 22.Rg2 Qc6 23.Qg4
Ng3+ {#R} 0-1

[Event "PRO League KO Stage 2017"]
[Site "masterchessopen.com chess.com INT"]
[Date "2017.03.15"]
[Round "3"]
[White "Kaasen,Tor Fredrik"]
[Black "Gorozhanin,M"]
[Result "1-0"]
[WhiteElo "2442"]
[BlackElo "2419"]

1.Nf3 d5 2.d4 c6 3.c4 e6 4.e3 Bd6 5.Bd3 Nf6 6.O-O O-O 7.Nbd2 c5 8.cxd5 exd5
9.dxc5 Bxc5 10.b3 Nc6 11.Bb2 Bd6 12.Qe2 Bg4 13.Rad1 Re8 14.h3 Bh5 15.Nb1 d4
16.g4 Nxg4 17.hxg4 Bxg4 18.Kg2 Qf6 19.Bxd4 Nxd4 20.Bxh7+ Kxh7 21.Rxd4 Bf5
22.Rh1+ Kg8 23.Nbd2 Be7 24.Kf1 Rac8 25.Nc4 Qa6 26.Nfe5 g6 27.Ng4 Be6 28.Qb2 f6
29.Rh6 Kg7 30.Re4 Bxg4 31.Rxg6+ Kxg6 32.Rxg4+ Kf7 33.Qc2 Rh8 34.Qf5 {#r} 1-0

[Event "7th HD Bank Cup 2017"]
[Site "masterchessopen.com Ho Chi Minh City VIE"]
[Date "2017.03.16"]
[Round "7.2"]
[White "Wei Yi"]
[Black "Xu,Yinglun"]
[Result "1-0"]
[WhiteElo "2725"]
[BlackElo "2540"]

1.e4 c5 2.Nf3 d6 3.d4 cxd4 4.Nxd4 Nf6 5.Nc3 a6 6.Bg5 Nbd7 7.Bc4 Qb6 8.O-O Qxb2
9.Nd5 Nxd5 10.Rb1 Qc3 11.Bxd5 Qc7 12.f4 e6 13.Re1 Nc5 14.f5 Be7 15.Bxe7 Qxe7
16.fxe6 fxe6 17.Nf5 Qc7 18.Bc6+ Qxc6 19.Nxd6+ Ke7 20.Qg4 Nd7 21.e5 {#r} 1-0

[Event "7th HD Bank Cup 2017"]
[Site "masterchessopen.com Ho Chi Minh City VIE"]
[Date "2017.03.16"]
[Round "7.7"]
[White "Goganov,A"]
[Black "Nguyen Anh Dung"]
[Result "0-1"]
[WhiteElo "2621"]
[BlackElo "2482"]

1.d4 Nf6 2.c4 e6 3.g3 c5 4.Nf3 cxd4 5.Nxd4 d5 6.Bg2 e5 7.Nf3 d4 8.O-O Nc6 9.e3
Bc5 10.exd4 exd4 11.Re1+ Be6 12.Ng5 O-O 13.Nxe6 fxe6 14.Nd2 Qd6 15.Ne4 Nxe4
16.Bxe4 Rf7 17.Bf4 Rxf4 18.gxf4 Rf8 19.Qh5 h6 20.Kh1 Rxf4 21.Qe8+ Rf8 22.Qg6
Rxf2 23.Bg2 Ne5 24.Qe4 Nxc4 25.Rad1 Nxb2 26.Rb1 d3 27.Rg1 d2 {#R} 0-1

[Event "7th HD Bank Cup 2017"]
[Site "masterchessopen.com Ho Chi Minh City VIE"]
[Date "2017.03.16"]
[Round "7.8"]
[White "Lei Tingjie"]
[Black "Bogdanovich,S"]
[Result "0-1"]
[WhiteElo "2480"]
[BlackElo "2602"]

1.d4 d5 2.c4 dxc4 3.e4 Nf6 4.e5 Nd5 5.Bxc4 Nb6 6.Bd3 Nc6 7.Be3 Be6 8.Nc3 Nb4
9.Be4 c6 10.Nge2 Qd7 11.O-O Bf5 12.Qb3 Bxe4 13.Nxe4 Na6 14.N2c3 e6 15.Nc5 Nxc5
16.dxc5 Nd5 17.Ne4 Be7 18.Rad1 O-O 19.Bd4 Qc7 20.f4 b6 21.Qc2 bxc5 22.Nxc5
Rfd8 23.a3 a5 24.Qf2 a4 25.Rc1 Bxc5 26.Bxc5 Ra5 27.Rc4 h6 28.Rfc1 Qb7 29.h3
Rb5 30.R1c2 Rb3 31.Rxa4 Qb5 32.Rac4 Rxb2 33.Kh2 Re8 34.a4 Qb3 35.Bd4 Ra2
36.Rxc6 Rxa4 37.f5 Qd3 38.fxe6 fxe6 39.Rd2 Qe4 40.Bb2 Rf8 41.Qg3 Ne3 42.Rc1
Nf1+ 43.Rxf1 Rxf1 44.Rd8+ Rf8 45.Rd7 Rf7 46.Rd6 Ra2 47.Bd4 Rd2 48.Bc5 Rd5
49.Rxd5 Qxd5 50.Qe3 Rc7 51.Bd6 Rc2 52.Qg3 Qe4 53.Qg4 Qxg4 54.hxg4 Rc3 55.g3
Kf7 56.Kh3 Rc4 57.Kh4 g5+ 58.Kh3 Re4 59.Bc7 Kg6 60.Bd6 h5 {#R} 0-1

[Event "7th HD Bank Cup 2017"]
[Site "masterchessopen.com Ho Chi Minh City VIE"]
[Date "2017.03.16"]
[Round "7.9"]
[White "Le Tuan Minh"]
[Black "Rozum,I"]
[Result "0-1"]
[WhiteElo "2475"]
[BlackElo "2600"]

1.d4 Nf6 2.c4 e6 3.Nc3 Bb4 4.e3 O-O 5.Ne2 c6 6.a3 Ba5 7.c5 d6 8.cxd6 Qxd6 9.b4
Bc7 10.g3 e5 11.Bg2 Be6 12.Qc2 Qd7 13.O-O Bh3 14.Bb2 Bxg2 15.Kxg2 Qe6 16.dxe5
Bxe5 17.Rfd1 Nbd7 18.Nd4 Qc4 19.Nf3 Rfd8 20.Rac1 Bc7 21.Rd4 Qe6 22.Ng5 Qe8
23.Nb5 Be5 24.Nd6 Bxd6 25.Rxd6 h6 26.Nf3 Qe7 27.Rd4 Nb6 28.Rcd1 Rxd4 29.Nxd4
Ne8 30.Nf5 Qe6 31.Rd4 Nf6 32.Rd6 Qc4 33.Qb1 Qe4+ 34.Qxe4 Nxe4 35.Rd1 f6 36.h4
Nc4 37.Rd4 Nxb2 38.Rxe4 Kf8 39.Rd4 a5 40.Rd7 Nc4 41.h5 a4 42.Rxg7 Nxa3 43.Rh7
Kg8 44.Rxb7 Nb5 45.Nxh6+ Kh8 46.Nf5 a3 47.Ne7 Nd6 48.Rd7 a2 49.Rxd6 a1=Q
50.Rd7 Qb1 51.Ng6+ Kg8 52.Re7 Qf5 53.Nf4 Kf8 54.e4 Qxf4 {#R} 0-1

[Event "7th HD Bank Cup 2017"]
[Site "masterchessopen.com Ho Chi Minh City VIE"]
[Date "2017.03.16"]
[Round "7.11"]
[White "Diu,V"]
[Black "Michalik,P"]
[Result "0-1"]
[WhiteElo "2421"]
[BlackElo "2578"]

1.d4 Nf6 2.c4 e6 3.Nf3 d5 4.Nc3 dxc4 5.e4 Bb4 6.Bg5 c5 7.Bxc4 cxd4 8.Nxd4
Bxc3+ 9.bxc3 Qa5 10.Bb5+ Nbd7 11.Bxf6 Qxc3+ 12.Kf1 gxf6 13.h4 a6 14.Rh3 Qb4
15.Be2 Ne5 16.Rc1 Qd6 17.Rb3 b5 18.Qd2 Bd7 19.Rd1 h5 20.Qf4 Qe7 21.Rg3 Rc8
22.Bxh5 b4 23.Nf3 Bb5+ 24.Kg1 Nd3 25.Qe3 Qc5 26.Bxf7+ Kxf7 27.Rxd3 Qc1+ 28.Kh2
Bxd3 29.Qxd3 Qc6 30.e5 f5 31.Qd2 Rh5 32.Qxb4 Qc4 33.Qd2 Qa4 34.Ng5+ Ke8 35.Nf3
Rc4 36.Rg8+ Kf7 37.Ng5+ Rxg5 38.Rxg5 Rxh4+ 39.Kg3 Rd4 40.Qc3 Qd7 41.f3 Qd8
42.Rh5 Kg6 43.Rh3 Qd5 44.Qc7 Qd7 45.Qb8 Qd8 46.Qb7 Rd7 47.Qxa6 Qg5+ 48.Kh2
Qf4+ 49.Rg3+ Kh7 50.Qe2 Rg7 51.Qf2 Kg8 {#R} 0-1

[Event "7th HD Bank Cup 2017"]
[Site "masterchessopen.com Ho Chi Minh City VIE"]
[Date "2017.03.16"]
[Round "7.12"]
[White "Vishnu,P"]
[Black "Sean,W"]
[Result "1-0"]
[WhiteElo "2534"]
[BlackElo "2403"]

1.d4 f5 2.Bf4 Nf6 3.e3 e6 4.c4 Be7 5.Nc3 O-O 6.Bd3 b6 7.h3 Bb7 8.Nf3 h6 9.Bh2
Be4 10.Be2 d6 11.O-O Bb7 12.Qb3 Nbd7 13.c5 Bd5 14.Nxd5 Nxd5 15.cxd6 cxd6
16.Nd2 Kh8 17.Bb5 N7f6 18.Rac1 g5 19.f3 f4 20.exf4 gxf4 21.Rfe1 Rg8 22.Kh1 Rc8
23.Rxc8 Qxc8 24.Bc4 Rg6 25.Nf1 Qg8 26.Qc2 Nb4 27.Qd2 d5 28.Bb3 Nh5 29.a3 Nc6
30.Bc2 Rg7 31.g4 fxg3 32.Qxh6+ Rh7 33.Qxh7+ Qxh7 34.Bxh7 Nxd4 35.Nxg3 Nxg3+
36.Bxg3 Kxh7 37.Bf2 Nxf3 38.Rxe6 Bg5 39.Kg2 Nd2 40.Re5 Bf6 41.Rxd5 Nc4 42.Bd4
Kg6 43.Kf3 Bxd4 44.Rxd4 Nxb2 45.a4 Kh5 46.Ke2 {#r} 1-0

[Event "7th HD Bank Cup 2017"]
[Site "masterchessopen.com Ho Chi Minh City VIE"]
[Date "2017.03.16"]
[Round "7.15"]
[White "Nouri,H"]
[Black "Mareco,S"]
[Result "0-1"]
[WhiteElo "2344"]
[BlackElo "2664"]

1.e4 c5 2.Nf3 d6 3.Bb5+ Nd7 4.O-O Nf6 5.Re1 a6 6.Bf1 b6 7.c4 Bb7 8.Nc3 e6 9.d4
cxd4 10.Nxd4 Be7 11.b3 O-O 12.Bb2 Re8 13.Qf3 Rc8 14.Rad1 g6 15.Qh3 Bf8 16.f4
e5 17.fxe5 Nxe5 18.Nd5 Bg7 19.Nf3 Nxd5 20.Bxe5 dxe5 21.cxd5 b5 22.Rc1 Bf8
23.Kh1 Ba3 24.Rxc8 Bxc8 25.Qg3 Qb6 26.Re2 f6 27.Rc2 Bd7 28.Qe1 Kg7 29.Bd3 Qd6
30.Qe3 Qb8 31.g3 Rc8 32.Ne1 Bd6 33.Kg2 Rxc2+ 34.Bxc2 Qc8 35.h4 Bc5 36.Qd2 Bh3+
37.Kh1 Qg4 38.Nd3 Bd4 39.Kh2 Bf1 40.Nf2 Qf3 41.Nd1 g5 {#R} 0-1

[Event "7th HD Bank Cup 2017"]
[Site "masterchessopen.com Ho Chi Minh City VIE"]
[Date "2017.03.16"]
[Round "7.16"]
[White "Li Ruofan"]
[Black "Shyam,SM"]
[Result "0-1"]
[WhiteElo "2352"]
[BlackElo "2536"]

1.d4 Nf6 2.c4 g6 3.Nc3 Bg7 4.e4 d6 5.Nf3 O-O 6.h3 e5 7.d5 Na6 8.Be3 Nc5 9.Nd2
a5 10.g4 c6 11.Be2 Bd7 12.g5 Ne8 13.h4 Rb8 14.Nb3 Na6 15.h5 a4 16.Nd2 cxd5
17.exd5 Nc5 18.Qc2 Bf5 19.Nde4 Nxe4 20.Nxe4 b5 21.cxb5 Nc7 22.hxg6 Bxg6 23.Bh5
Nxb5 24.Bxg6 fxg6 25.Qxa4 Nd4 26.Bxd4 exd4 27.O-O-O Rf4 28.Nf6+ Bxf6 29.gxf6
Qxf6 30.Qd7 h5 31.Qe6+ Qxe6 32.dxe6 Rxf2 33.Rhg1 Kg7 34.e7 Kf7 35.Rde1 Re8
36.a4 h4 37.Re4 h3 38.Rh1 h2 39.Rh4 Rc8+ 40.Kb1 Rcc2 41.Rf4+ Kxe7 42.Rxf2 Rxf2
43.a5 Kd7 44.Ka2 Kc6 45.Kb3 Kb5 46.a6 Kxa6 47.Kc4 g5 48.b4 g4 49.Kxd4 g3 {#R}
0-1

[Event "7th HD Bank Cup 2017"]
[Site "masterchessopen.com Ho Chi Minh City VIE"]
[Date "2017.03.16"]
[Round "7.17"]
[White "Gomez,Joh"]
[Black "Hesham,A"]
[Result "1-0"]
[WhiteElo "2481"]
[BlackElo "2336"]

1.c4 Nf6 2.Nc3 g6 3.g3 Bg7 4.Bg2 O-O 5.d3 e5 6.e4 d6 7.Nge2 Be6 8.O-O Qd7 9.f4
Bh3 10.f5 Bxg2 11.Kxg2 c6 12.h3 d5 13.g4 h6 14.Ng3 dxc4 15.dxc4 Qxd1 16.Rxd1
Na6 17.Be3 Rfd8 18.a3 Nd7 19.Na4 Bf8 20.b4 Nc7 21.Rd3 Nb6 22.Rxd8 Rxd8 23.Nxb6
axb6 24.Bxb6 Rd2+ 25.Kf3 Ne8 26.Be3 Rd8 27.h4 Be7 28.g5 hxg5 29.hxg5 Rd3 30.f6
Bf8 31.Ke2 Rb3 32.Nf1 Nc7 33.Nd2 Rc3 34.Nf3 Ne6 35.c5 Rc2+ 36.Nd2 Rc3 37.Nf3
Rc2+ 38.Kd3 Rg2 39.Nxe5 Nxg5 40.Rg1 Rxg1 41.Bxg1 Ne6 42.Nc4 Bh6 43.Be3 Kh7
44.Nd6 Nd8 45.a4 Bf8 46.e5 g5 47.Bxg5 Kg6 48.Be3 {#r} 1-0

[Event "7th HD Bank Cup 2017"]
[Site "masterchessopen.com Ho Chi Minh City VIE"]
[Date "2017.03.16"]
[Round "7.18"]
[White "Dao Thien Hai"]
[Black "Kathmale,S"]
[Result "1-0"]
[WhiteElo "2478"]
[BlackElo "2323"]

1.d4 d5 2.c4 c6 3.Nf3 Nf6 4.e3 Bf5 5.Nc3 e6 6.Nh4 Be4 7.f3 Bg6 8.g3 Bd6 9.Be2
Nbd7 10.O-O Qc7 11.cxd5 exd5 12.Bd2 O-O 13.Rc1 a6 14.Rf2 Rfe8 15.g4 Nf8 16.g5
N6d7 17.f4 Be4 18.Nxe4 dxe4 19.Bc4 Ne6 20.Qg4 b5 21.Bd5 cxd5 22.Rxc7 Bxc7
23.f5 Nxd4 24.exd4 e3 25.Bxe3 Rxe3 26.f6 Nb6 27.fxg7 Rae8 28.Qh5 R3e7 29.Nf5
{#r} 1-0

[Event "7th HD Bank Cup 2017"]
[Site "masterchessopen.com Ho Chi Minh City VIE"]
[Date "2017.03.16"]
[Round "7.21"]
[White "Nguyen Van Huy"]
[Black "Zhou Guijue"]
[Result "1-0"]
[WhiteElo "2413"]
[BlackElo "2220"]

1.d4 Nf6 2.Nf3 e6 3.c4 d5 4.g3 dxc4 5.Bg2 Bd7 6.Ne5 Bc6 7.Nxc6 Nxc6 8.O-O Qd7
9.e3 Rd8 10.Qa4 Nb4 11.Qxd7+ Rxd7 12.Na3 c5 13.Rd1 cxd4 14.Rxd4 Rxd4 15.exd4
Nbd5 16.Nxc4 Be7 17.Na5 b6 18.Nc6 a5 19.Bd2 Bd6 20.Rc1 O-O 21.a3 h6 22.Kf1 Rc8
23.Ke2 Kf8 24.h3 Ke8 25.Kd3 Kd7 26.Ne5+ Bxe5 27.Rxc8 Kxc8 28.dxe5 Ne8 29.g4
Nec7 30.h4 Kd7 31.f4 Ne7 32.h5 Ncd5 33.Kc4 Kc6 34.Be4 g6 35.g5 Ng8 36.hxg6
fxg6 37.Bxg6 Nge7 38.Be8+ {#r} 1-0

[Event "7th HD Bank Cup 2017"]
[Site "masterchessopen.com Ho Chi Minh City VIE"]
[Date "2017.03.16"]
[Round "7.22"]
[White "Vignesh,N R"]
[Black "Vo Dai Hoai Duc"]
[Result "1-0"]
[WhiteElo "2405"]
[BlackElo "2205"]

1.Nf3 c5 2.e4 e6 3.d4 cxd4 4.Nxd4 Nc6 5.Nxc6 bxc6 6.Bd3 Nf6 7.O-O d6 8.f4 e5
9.Kh1 Be7 10.fxe5 dxe5 11.Nd2 O-O 12.Nf3 Qc7 13.b3 Bg4 14.Qe1 Nd7 15.Qg3 Bh5
16.Bb2 Bf6 17.Rae1 Rfe8 18.Nd4 Bg6 19.Nf5 Nc5 20.Bc4 Rad8 21.Ba3 Ne6 22.Nh6+
Kh8 23.Ng4 Nd4 24.Nxf6 gxf6 25.Qf2 f5 26.c3 fxe4 27.cxd4 exd4 28.Qf6+ Kg8
29.Bc5 Re5 30.Bxa7 Rh5 31.h3 Rd6 32.Qf4 Qd7 33.Rxe4 Bxe4 34.Qxf7+ Qxf7
35.Bxf7+ Kg7 36.Bxh5 d3 37.Rg1 Rd5 38.Bd1 Kf6 39.Be3 {#r} 1-0

[Event "7th HD Bank Cup 2017"]
[Site "masterchessopen.com Ho Chi Minh City VIE"]
[Date "2017.03.16"]
[Round "7.23"]
[White "Tu Hoang Thong"]
[Black "Puranik,A"]
[Result "1-0"]
[WhiteElo "2392"]
[BlackElo "2477"]

1.Nf3 Nf6 2.c4 c6 3.g3 g6 4.b4 Bg7 5.Bb2 O-O 6.Bg2 d6 7.O-O e5 8.d3 h6 9.Nbd2
Be6 10.Qc2 Nbd7 11.a4 Ne8 12.a5 a6 13.d4 f5 14.dxe5 dxe5 15.e4 f4 16.c5 g5
17.Rfd1 Qe7 18.Ra3 Nc7 19.Nc4 Nb5 20.Rad3 Bg4 21.Nd6 fxg3 22.hxg3 Kh8 23.Nf5
Bxf5 24.exf5 Rad8 25.Qd2 Rf7 26.Bh3 Bf6 27.Bg4 Nd4 28.Nxd4 exd4 29.Bxd4 Rdf8
30.Re1 {#r} 1-0

[Event "7th HD Bank Cup 2017"]
[Site "masterchessopen.com Ho Chi Minh City VIE"]
[Date "2017.03.16"]
[Round "7.24"]
[White "Li,Yankai"]
[Black "Garcia,Jan"]
[Result "0-1"]
[WhiteElo "2389"]
[BlackElo "2444"]

1.d4 Nf6 2.c4 g6 3.Nc3 d5 4.Bg5 Bg7 5.Bxf6 Bxf6 6.cxd5 c6 7.Rc1 O-O 8.dxc6
Qxd4 9.Qxd4 Bxd4 10.cxb7 Bxb7 11.Nf3 Bf6 12.e3 Na6 13.Bc4 Rfc8 14.b3 Nb4 15.a4
Ba6 16.O-O Bxc4 17.bxc4 Nd3 18.Rcd1 Nb2 19.Rc1 Rxc4 20.Nd5 Rxc1 21.Nxf6+ exf6
22.Rxc1 Nxa4 23.Ra1 Nc5 24.Ra5 Ne4 25.Ne1 a6 26.f3 Nd6 27.Nc2 Nb7 28.Rd5 a5
29.Rb5 Nd8 30.Na3 f5 31.Kf2 Ne6 32.g3 h5 33.Ke2 Kg7 34.h4 Kf6 35.Kf2 Ra7 36.g4
fxg4 37.fxg4 hxg4 38.Kg3 Rc7 39.Rxa5 Rc3 40.Kxg4 Rxe3 41.h5 Re4+ 42.Kg3 gxh5
43.Ra7 h4+ {#R} 0-1

[Event "7th HD Bank Cup 2017"]
[Site "masterchessopen.com Ho Chi Minh City VIE"]
[Date "2017.03.16"]
[Round "7.25"]
[White "Liu Guanchu"]
[Black "Pham Chuong"]
[Result "1-0"]
[WhiteElo "2441"]
[BlackElo "2377"]

1.e4 c5 2.Nf3 Nc6 3.d4 cxd4 4.Nxd4 g6 5.Nc3 Bg7 6.Be3 Nf6 7.Bc4 O-O 8.Bb3 d6
9.f3 Bd7 10.Qd2 Nxd4 11.Bxd4 b5 12.h4 a5 13.a4 bxa4 14.Nxa4 Be6 15.Bxe6 fxe6
16.O-O-O Rb8 17.b3 Qc7 18.Qc3 Qd7 19.Qxa5 Rb5 20.Qa6 Rfb8 21.Rd3 Qe8 22.Nc3
Rb4 23.Qa3 Qc8 24.Qb2 Qa6 25.Rhd1 Bh6+ 26.Kb1 Nd7 27.e5 Nb6 28.Qa1 Qc8 29.Na2
Rb5 30.Nc3 Rb4 31.Na2 Rb5 32.Qc3 Qd7 33.Bxb6 R5xb6 34.g3 Ra8 35.Qb2 Bg7 36.f4
Qa7 37.Nc3 Ra6 38.Na4 Rb8 39.Rd4 h5 40.Ka2 Kh7 41.Re4 Qf2 42.Qc3 Qg2 43.Rde1
dxe5 44.fxe5 Rf8 45.R1e2 Rf2 46.Qe3 Rxe2 47.Qxe2 Qxe2 48.Rxe2 Ra5 49.c4 Rxe5
50.Rc2 Re1 51.b4 Ra1+ 52.Kb3 Rb1+ 53.Ka3 Ra1+ 54.Kb3 Rb1+ 55.Nb2 Be5 56.Rg2 g5
57.c5 Kg6 58.b5 Rc1 59.Na4 Kf5 60.hxg5 Kxg5 61.b6 Kg4 62.Re2 Bb8 63.Nc3 {#r}
1-0

[Event "7th HD Bank Cup 2017"]
[Site "masterchessopen.com Ho Chi Minh City VIE"]
[Date "2017.03.16"]
[Round "7.29"]
[White "Tokhirjonova,Gulrukhbegim"]
[Black "Wynn Zaw Htun"]
[Result "0-1"]
[WhiteElo "2297"]
[BlackElo "2405"]

1.e4 c5 2.Nf3 d6 3.d4 cxd4 4.Nxd4 Nf6 5.Nc3 a6 6.h3 e6 7.g4 d5 8.exd5 Nxd5
9.Nde2 Bb4 10.Bg2 O-O 11.O-O Nxc3 12.Nxc3 Qc7 13.Qf3 Nc6 14.Bf4 Bd6 15.Bxd6
Qxd6 16.Ne4 Qe7 17.Rad1 e5 18.c3 Be6 19.b3 f5 20.gxf5 Rxf5 21.Qg3 Rh5 22.Rd3
Rf8 23.Rf3 Bf5 24.Re1 h6 25.b4 Kh8 26.a3 Nd8 27.Qh2 Bxe4 28.Rxf8+ Qxf8 29.Rxe4
Qd6 30.Qg3 Ne6 31.Qe3 Rf5 32.Rc4 Rf8 33.Bxb7 Nf4 34.Kh2 Nd3 35.Rc8 Rxc8
36.Bxc8 e4+ 37.Qg3 Ne5 38.Kg2 Qd5 39.Bb7 Qxb7 40.Qxe5 Qc6 41.Kg3 Qc4 42.Kf4
Qf7+ 43.Kxe4 Qxf2 44.Qf4 Qa2 45.Qf8+ Kh7 46.Qf5+ Kh8 47.Qc8+ Kh7 48.Qxa6 Qg2+
49.Kd4 Qf2+ 50.Ke4 Qg2+ 51.Ke3 Qxh3+ 52.Kd2 Qg2+ 53.Kc1 Qg5+ 54.Kc2 h5 55.b5
h4 56.b6 Qg6+ 57.Qd3 Qxd3+ 58.Kxd3 h3 59.b7 h2 60.b8=Q h1=Q 61.Qf4 Qd1+ 62.Qd2
Qb3 63.Qc1 Qd5+ 64.Kc2 g5 65.Kb2 g4 66.c4 Qd4+ 67.Kb3 Qb6+ 68.Ka4 g3 69.Qh1+
Kg7 70.Qd5 Qf2 71.Qe5+ Kf7 72.Qd5+ Kf6 73.Qd8+ Ke5 74.Qa5+ Kd4 75.Qd5+ Kc3
76.c5 g2 77.Qb3+ Kd4 78.c6 g1=Q 79.c7 Ke5 80.Qb5+ Qc5 81.c8=Q Qd1+ 82.Ka5 Qd2+
83.Ka6 Qd6+ 84.Ka5 Qb6+ {#R} 0-1

[Event "7th HD Bank Cup 2017"]
[Site "masterchessopen.com Ho Chi Minh City VIE"]
[Date "2017.03.16"]
[Round "7.31"]
[White "Dimakiling,O"]
[Black "Le Huu Thai"]
[Result "1-0"]
[WhiteElo "2405"]
[BlackElo "2167"]

1.c4 Nf6 2.Nf3 g6 3.b4 Bg7 4.Bb2 O-O 5.e3 d6 6.d4 c6 7.a4 Qc7 8.Be2 Nbd7 9.a5
e5 10.Nc3 Re8 11.O-O exd4 12.Qxd4 Ne5 13.Rfd1 Nd5 14.cxd5 Nxf3+ 15.Bxf3 Bxd4
16.Rxd4 c5 17.bxc5 Qxc5 18.Be2 b5 19.Rc1 Qxd4 20.exd4 b4 21.Bb5 bxc3 22.Bxc3
Rd8 23.Bd2 f6 24.h4 Rb8 25.Bc6 Rb2 26.Bf4 Bf5 27.Rc3 Ra2 28.Re3 Kf8 29.Rb3
Rxa5 30.Rb7 Be4 31.Bd2 Ra1+ 32.Kh2 a5 33.Bh6+ Kg8 34.Rg7+ Kh8 35.Re7 Bc2
36.Bd7 Bf5 37.Bg7+ Kg8 38.Be6+ Bxe6 39.dxe6 Rf8 40.Rd7 Rd1 41.e7 Re8 42.Bxf6
Kf7 43.Rxd6 a4 44.Ra6 Rd2 45.Kg3 Rc8 46.Bg5 Rd3+ 47.f3 Re8 48.Rxa4 h6 49.Bxh6
Rxe7 50.Bf4 Re2 51.Ra7+ Ke6 52.Bg5 Rc2 53.Rg7 Rxd4 54.Rxg6+ Ke5 55.h5 Ra4
56.Kh3 Raa2 57.g3 Rh2+ 58.Kg4 Ra4+ 59.f4+ Ke4 60.Re6+ Kd5 61.Re5+ {#r} 1-0

[Event "7th HD Bank Cup 2017"]
[Site "masterchessopen.com Ho Chi Minh City VIE"]
[Date "2017.03.16"]
[Round "7.33"]
[White "Laylo,D"]
[Black "Chu Wei Chao"]
[Result "0-1"]
[WhiteElo "2445"]
[BlackElo "2328"]

1.d4 Nf6 2.Bg5 g6 3.Bxf6 exf6 4.g3 f5 5.Bg2 d6 6.e3 Nd7 7.c4 Bg7 8.Nc3 c6
9.Nge2 Nf6 10.b4 O-O 11.O-O Re8 12.Qc2 Be6 13.b5 Rc8 14.bxc6 bxc6 15.Qa4 Nd7
16.Nf4 Nb6 17.Nxe6 fxe6 18.Qa6 c5 19.Nb5 cxd4 20.Nxa7 dxe3 21.Nxc8 Nxc8
22.Rab1 exf2+ 23.Kh1 Bd4 24.Rb8 Qc7 25.Qc6 Qxc6 26.Bxc6 Rf8 27.Bd7 Nb6
28.Bxe6+ Kg7 29.Rxf8 Kxf8 30.Kg2 Ke7 31.Bd5 Kf6 32.Rc1 Ke5 33.Bc6 Be3 34.Rc2
Kd4 35.Bb5 Kd3 36.Rb2 Bc5 37.a4 Kc3 38.Re2 d5 39.a5 Nxc4 40.Bxc4 dxc4 41.a6
Kd3 42.Rxf2 c3 43.Rf1 c2 44.h4 h6 45.Kf3 g5 46.hxg5 hxg5 47.Rh1 Kd2 48.Rh2+
Kc3 49.Rh1 Kb2 50.Ke2 c1=Q 51.Rxc1 Kxc1 52.Kd3 Ba7 53.Kc4 Kd2 54.Kd5 Ke3 {#R}
0-1

[Event "7th HD Bank Cup 2017"]
[Site "masterchessopen.com Ho Chi Minh City VIE"]
[Date "2017.03.16"]
[Round "7.34"]
[White "Xiang,Zeyu"]
[Black "Reyes,Narquingden"]
[Result "1-0"]
[WhiteElo "2411"]
[BlackElo "2318"]

1.d4 d5 2.c4 c6 3.cxd5 cxd5 4.Bf4 Nf6 5.Nc3 Nc6 6.e3 Bf5 7.Qb3 Na5 8.Qa4+ Bd7
9.Qc2 Rc8 10.Bd3 e6 11.Nf3 Be7 12.h3 O-O 13.O-O b5 14.Qe2 a6 15.Rac1 Qb6
16.Ne5 Nc4 17.Bg5 Qd8 18.a4 b4 19.Nb1 Bxa4 20.Nxc4 dxc4 21.Bxc4 a5 22.Nd2 h6
23.Bh4 Ra8 24.f4 Nd7 25.Bf2 Nb6 26.Bd3 Bd7 27.e4 a4 28.d5 a3 29.b3 Rc8 30.Bd4
exd5 31.e5 f5 32.Kh1 Be6 33.Rxc8 Nxc8 34.Rc1 Qd7 35.Bb5 Qb7 36.Bc6 Qc7 37.Qf1
Rd8 38.Nf3 Qa5 39.Bb7 Na7 40.Ba6 Ra8 41.Ba1 Bc5 42.Nd4 Bxd4 43.Bxd4 Nc8 44.Bb7
Rb8 45.Rc5 Qd8 46.Qa6 Qd7 47.Rb5 Ne7 48.Rxb4 a2 49.Qxa2 Qc7 50.Rb6 Bc8 51.Bxc8
Qc1+ 52.Kh2 Rxb6 53.Bxb6 Nxc8 54.Bf2 Qxf4+ 55.Bg3 Qc1 56.Qa8 Qc5 57.Qb7 Kh7
58.Qf7 Ne7 59.e6 d4 60.b4 Qd5 61.Qxe7 d3 62.Qd7 Qe4 63.e7 f4 64.e8=Q fxg3+
65.Kxg3 {#r} 1-0

[Event "7th HD Bank Cup 2017"]
[Site "masterchessopen.com Ho Chi Minh City VIE"]
[Date "2017.03.16"]
[Round "7.37"]
[White "Vo Thi Kim Phung"]
[Black "Abhishek,K"]
[Result "1-0"]
[WhiteElo "2220"]
[BlackElo "2381"]

1.d4 Nf6 2.Nf3 e6 3.g3 b5 4.Bg2 Bb7 5.Nbd2 Be7 6.O-O O-O 7.c4 b4 8.a3 a5
9.axb4 axb4 10.Rxa8 Bxa8 11.c5 d6 12.cxd6 Qxd6 13.Nb3 Nbd7 14.Bf4 Qb6 15.Qc2
Rc8 16.Ne5 Bxg2 17.Kxg2 Nxe5 18.Bxe5 Nd5 19.Rc1 f6 20.Bf4 Qb5 21.Qe4 Nxf4+
22.gxf4 Qd5 23.Qf3 Kf7 24.e4 Qd7 25.Qh3 Kg8 26.d5 f5 27.Nd4 fxe4 28.Nxe6 Bf6
29.Qb3 Kh8 30.Rc6 h6 31.Qc4 Qe8 32.f5 e3 33.fxe3 Qh5 34.d6 Be5 35.d7 Qxh2+
36.Kf3 Qh1+ 37.Ke2 Qg2+ 38.Kd3 Ra8 39.d8=Q+ Rxd8+ 40.Nxd8 Qxb2 41.Nf7+ Kh7
42.Nxe5 Qxe5 43.Rc5 Qb2 44.Rb5 Qb1+ 45.Ke2 c5 46.Rxc5 b3 47.Qa6 {#r} 1-0

[Event "7th HD Bank Cup 2017"]
[Site "masterchessopen.com Ho Chi Minh City VIE"]
[Date "2017.03.16"]
[Round "7.38"]
[White "Godbole,A"]
[Black "Muminova,N"]
[Result "0-1"]
[WhiteElo "2100"]
[BlackElo "2348"]

1.e4 e5 2.Nf3 Nc6 3.Bb5 Nf6 4.O-O Bc5 5.d3 d6 6.c3 O-O 7.h3 Ne7 8.d4 Bb6 9.Bg5
Ng6 10.Nbd2 c6 11.Ba4 h6 12.Be3 Nh5 13.Nxe5 dxe5 14.Qxh5 exd4 15.cxd4 Bxd4
16.Qe2 Bxe3 17.Qxe3 Qf6 18.Qc3 Qh4 19.Rae1 Nf4 20.Nf3 Qh5 21.Re3 Nxg2 22.Kxg2
Bxh3+ 23.Kh1 Bxf1+ 24.Nh2 Bb5 25.Bc2 Rad8 26.Rh3 Qe2 27.Rg3 f6 28.Ng4 Kh8
29.e5 fxe5 30.Nxe5 Rd1+ 31.Bxd1 Qxd1+ 32.Rg1 Qh5+ 33.Kg2 Rf5 {#R} 0-1

[Event "7th HD Bank Cup 2017"]
[Site "masterchessopen.com Ho Chi Minh City VIE"]
[Date "2017.03.16"]
[Round "7.39"]
[White "Nguyen Thi Mai Hung"]
[Black "Swathi,G"]
[Result "0-1"]
[WhiteElo "2347"]
[BlackElo "2254"]

1.d4 Nf6 2.Nf3 e6 3.Bf4 b6 4.e3 Bb7 5.Bd3 Be7 6.h3 c5 7.c3 O-O 8.Nbd2 cxd4
9.exd4 d6 10.O-O Nbd7 11.Re1 Re8 12.a4 a6 13.Qb3 Rb8 14.Bh2 h6 15.Re2 Bd5
16.Qa3 Ne5 17.Nxe5 dxe5 18.b4 exd4 19.Bxb8 Qxb8 20.cxd4 a5 21.Qb2 Bxb4 22.Bb5
Rd8 23.Nc4 Qf4 24.Ne5 Qg5 25.f4 Qxf4 26.Nd3 Qd6 27.Nxb4 axb4 28.Rb1 Be4
29.Rbe1 Bb7 30.Re3 Nd5 31.Rb3 Rc8 32.Re2 Rc3 33.Rc2 Qg3 34.Rbxc3 bxc3 35.Qb3
Ne3 36.Qxc3 Bxg2 37.Qc7 Qe1+ 38.Kh2 Qh1+ 39.Kg3 Qxh3+ 40.Kf2 Qf3+ 41.Kg1 Qd1+
{#R} 0-1

[Event "7th HD Bank Cup 2017"]
[Site "masterchessopen.com Ho Chi Minh City VIE"]
[Date "2017.03.16"]
[Round "7.40"]
[White "Wang Jue"]
[Black "Kavinda,A"]
[Result "1-0"]
[WhiteElo "2338"]
[BlackElo "2084"]

1.e4 g6 2.d4 Bg7 3.Nc3 d6 4.Be3 a6 5.h4 h5 6.Qd2 b5 7.O-O-O Nf6 8.f3 Nc6 9.Nh3
Bxh3 10.Rxh3 O-O 11.Rh1 e5 12.d5 Nb8 13.a3 Nbd7 14.g4 Qb8 15.Ne2 hxg4 16.Ng3
gxf3 17.Bh3 b4 18.h5 bxa3 19.b3 Nc5 20.Bxc5 dxc5 21.hxg6 c4 22.gxf7+ Rxf7
23.Qc3 Bh6+ 24.Kb1 cxb3 25.cxb3 Qb6 26.Be6 Be3 27.Nf5 Bd4 28.Nxd4 exd4 29.Qxf3
{#r} 1-0

[Event "7th HD Bank Cup 2017"]
[Site "masterchessopen.com Ho Chi Minh City VIE"]
[Date "2017.03.16"]
[Round "7.41"]
[White "Tran Le Dan Thuy"]
[Black "Pham Le Thao Nguyen"]
[Result "0-1"]
[WhiteElo "2028"]
[BlackElo "2351"]

1.e4 e5 2.Nf3 Nc6 3.Bb5 a6 4.Ba4 Nf6 5.O-O Be7 6.Re1 b5 7.Bb3 d6 8.h3 O-O 9.c3
Nb8 10.d4 Nbd7 11.Nbd2 Bb7 12.Bc2 c5 13.dxe5 dxe5 14.Nf1 Re8 15.Ng3 Bf8 16.Bg5
Qc7 17.Qe2 h6 18.Be3 c4 19.Rad1 Nc5 20.Bc1 Rad8 21.Nh2 g6 22.Qf3 Re6 23.Ng4
Nxg4 24.Qxg4 Kh7 25.f4 Nd3 26.Bxd3 Rxd3 27.f5 Red6 28.Rf1 Bg7 29.Rde1 a5
30.Nh1 Rd7 31.Kh2 R3d6 32.Qh4 Qd8 33.fxg6+ fxg6 34.Qxd8 Rxd8 35.a3 Rf6 36.Rxf6
Bxf6 37.Nf2 h5 38.g4 Bh4 39.Re2 Rf8 40.Be3 Rf3 41.Kg2 Rg3+ 42.Kh2 Rf3 43.Kg2
Rf7 44.Bb6 a4 45.Bc5 Rd7 46.Be3 Kg7 47.Rd2 Rf7 48.Bc5 Bg5 49.Re2 Kf6 50.Kg3
h4+ 51.Kg2 Rd7 52.Kf3 Ke6 53.Be3 Rf7+ 54.Kg2 Bf4 55.Bxf4 exf4 56.Kf3 g5 57.Rd2
Rd7 58.Rd4 Rd6 59.Nd1 Ke5 60.Rxd6 Kxd6 61.Nf2 Ke5 62.Ke2 Bxe4 63.Kd2 Bd3
64.Nd1 Ke4 {#R} 0-1